|
|
|
|
| LEADER |
01148nam a22003012aa4500 |
| 001 |
001241768 |
| 003 |
CZ BrMZK |
| 005 |
20130503143350.0 |
| 007 |
ta |
| 008 |
120822m19751976xo er 000 0 slo d |
| 040 |
|
|
|a ABA001
|b cze
|d BOA001
|
| 041 |
1 |
|
|a slo
|h cze
|
| 080 |
|
|
|a 631.3(076.5:075.8)=854
|
| 100 |
1 |
|
|a Hartl, Josef
|7 jx20051115007
|4 aut
|
| 245 |
1 |
0 |
|a Poľnohospodárske stroje :
|b praktické cvičenia /
|c Josef Hartl, Ivan Biedermann, František Pospíchal ; prelozil Tomáš Kožík
|
| 250 |
|
|
|a 1. vyd.
|
| 260 |
|
|
|a Bratislava :
|b Príroda,
|c 1975-1976
|
| 300 |
|
|
|a 2 sv.
|
| 500 |
|
|
|a Přeloženo z češtiny?
|
| 505 |
0 |
|
|a 1. 1975. 194 s. -- 2. 1976
|
| 700 |
1 |
|
|a Pospíchal, František
|4 aut
|
| 700 |
1 |
|
|a Biedermann, Ivan
|7 jx20050714013
|4 aut
|
| 765 |
0 |
|
|t Zemědělské stroje - praktická cvičení
|9 Slovensky
|
| 910 |
|
|
|a BOA001
|b 2-0739.326
|s 1-2
|
| 990 |
|
|
|a BK
|
| 991 |
|
|
|b 201208
|
| 996 |
7 |
|
|b 2619574378
|c 2-0739.326
|d 1.
|v 1
|l Sklad H1
|r Sklad / do 24 hodin
|n 0
|h HS212
|w 001275754
|u 000010
|a 1
|e BOA001
|j MZK50
|s A
|
| 996 |
7 |
|
|b 2619574379
|c 2-0739.326
|d 2.
|v 2
|l Sklad H1
|r Sklad / do 24 hodin
|n 0
|h HS212
|w 001275754
|u 000020
|a 1
|e BOA001
|j MZK50
|s A
|